000 01047nam a2200253 a 4500
001 000000550
005 20200929145348.0
008 081112s2008 dr 000 0 spa d
020 _a9789945864106
040 _aDO-SdBNP
_bspa
_cBNPHU
082 _a270.092
_bG633t
100 1 _aGómez Fernández, Alonso
_91812
245 1 0 _aTras las huellas de José :
_bícono del padre y guardián del arca /
_cAlonso Gómez Fernández.
260 _aSanto Domingo :
_bAma,
_c2008.
300 _a341p. ;
_c23 cm.
505 0 _tSiglas y abreviaturas --
_tIntroducción --
_tLa huella de José en el Antiguo Testamento --
_tLa figura de José en el Nuevo Testamento --
_tEl anuncio de José --
_tEpílogo --
_tBibliografía --
_tÍndice de autores dominicanos.
590 _aInventariado, 2018/ YL
650 0 4 _aBiblia.
_yA.T.
_xCrítica e interpretacion
_91813
650 0 4 _aRevelación en la biblia
_91814
650 4 _aSantos
_xBiografías
_91815
650 4 _aCristianismo
_xBiografias
_91816
653 _aSANTO, JOSÉ
910 _aValidado. Control de calidad MFF
999 _c548
_d548